000 00738nam a22002177a 4500
003 UA-OsUOA
001 111151
007 ta
008 20150427b un ||||| |||| 00| 0 ukr d
100 _aПопрозман Н.В.
090 _a330(477)
_bП58
942 _cSA
040 _aUA-OsUOA
_bukr
_cUA-OsUOA
_dUA-OsUOA
245 _aМетодологічні засади формування стратегії розвитку агропромислового виробництва на основі системного аналізу
300 _aС.35-41
955 _a0
041 _aukr
080 _a330(477)
773 0 _w111150
_tЕкономіка АПК
_dК.
_d2015
_g4
650 7 _a330 Економіка взагалі
_2UDC
999 _c397119
_d397119